=LDR 00000nam 2200000 4500 =001 INLIS000000000001561 =005 20130612085949 =008 ***********************************Ind** =035 ##$$0010-061300000001561 =041 ##$$a Ind =082 ##$$a 372.7 =090 ##$$a 372.7, Khu-m =100 ##$$a KHUMAEDI, M =245 ##$$a Matematika 4a dengan penekanan berhitung sesuai kurikulum 1994 untuk SD, M. Khumaedi, Arief Rahmat =260 ##$$a 2000 $b Surakarta =300 ##$$a vi, 79 hlm, ilus, 28 cm =650 ##$$a Matematika =650 ##$$a Pendidikan Dasar =700 ##$$a RAHMAD, Arief =850 ##$$a NBPNMAT